[Event "1st FIDE Online Cup for U20 with Disabil"]
[Site "FIDE"]
[Date "2020.06.21"]
[Round "1"]
[White "Thunderfinder"]
[Black "WOLF_OP55"]
[Result "1-0"]
[WhiteElo "1669"]
[BlackElo "1620"]
[Annotator "NA RC"]
[PlyCount "55"]
[EventDate "2020.06.21"]
[EventType "blitz"]

1. e4 {[%emt 0:00:03]} e5 {[%emt 0:00:01]} 2. Nf3 {[%emt 0:00:02]} d6 {[%emt 0:00:02]} 3. d4 {[%emt 0:00:02]} exd4 {[%emt 0:00:03]} 4. Qxd4 {[%emt 0:00:03]} Nc6 {[%emt 0:00:02]} 5. Bb5 {[%emt 0:00:02]} Bd7 {[%emt 0:00:07]} 6. Bxc6 {[%emt 0:00:01]} Bxc6 {[%emt 0:00:01]} 7. O-O {[%emt 0:00:02]} Nf6 {[%emt 0:00:04]} 8. Re1 {[%emt 0:00:07]} Be7 {[%emt 0:00:17]} 9. Nc3 {[%emt 0:00:02]} O-O {[%emt 0:00:03]} 10. b3 {[%emt 0:00:23]} d5 {[%emt 0:00:41]} 11. exd5 {[%emt 0:00:07]} Bd7 {[%emt 0:01:15]} 12. Bb2 {[%emt 0:00:07]} Bf5 {[%emt 0:00:08]} 13. Qe5 {[%emt 0:00:10]} Qd7 {[%emt 0:00:21]} 14. Qxe7 {[%emt 0:00:05]} Qxe7 {[%emt 0:00:55]} 15. Rxe7 {[%emt 0:00:00]} Bxc2 {[%emt 0:00:10]} 16. Rxc7 {[%emt 0:00:04]} Rfd8 {[%emt 0:00:17]} 17. Ba3 {[%emt 0:00:17]} Nxd5 {[%emt 0:00:06]} 18. Nxd5 {[%emt 0:00:02]} Rxd5 {[%emt 0:00:02]} 19. Rxc2 {[%emt 0:00:02]} Rad8 {[%emt 0:00:09]} 20. h3 {[%emt 0:00:06]} Ra5 {[%emt 0:00:06]} 21. Bb2 {[%emt 0:00:06]} g5 {[%emt 0:00:14]} 22. Rac1 {[%emt 0:00:07]} Rxa2 {[%emt 0:00:15]} 23. Rc8 {[%emt 0:00:04]} Rf8 {[%emt 0:00:54]} 24. Rxf8+ {[%emt 0:00:12]} Kxf8 {[%emt 0:00:02]} 25. Bf6 {[%emt 0:00:02]} Ke8 {[%emt 0:00:11]} 26. Ne5 {[%emt 0:00:04]} Rd2 {[%emt 0:00:28]} 27. Rc8+ {[%emt 0:00:03]} Rd8 {[%emt 0:00:01]} 28. Rxd8# {[%emt 0:00:02] (Lag: Av=0.75s, max=1.6s)} 1-0

[Event "1st FIDE Online Cup for U20 with Disabil"]
[Site "FIDE"]
[Date "2020.06.21"]
[Round "1"]
[White "Andres_Tapia"]
[Black "GUSTAVOCAOH2020"]
[Result "1-0"]
[WhiteElo "1620"]
[BlackElo "1620"]
[Annotator "NA RC"]
[PlyCount "71"]
[EventDate "2020.06.21"]
[EventType "blitz"]

1. d4 {[%emt 0:00:04]} Nf6 {[%emt 0:00:03]} 2. c4 {[%emt 0:00:08]} g6 {[%emt 0:00:04]} 3. g3 {[%emt 0:00:03]} Bg7 {[%emt 0:00:02]} 4. Bg2 {[%emt 0:00:04]} O-O {[%emt 0:00:02]} 5. e4 {[%emt 0:00:05]} d6 {[%emt 0:00:04]} 6. Nc3 {[%emt 0:00:02]} e6 {[%emt 0:00:17]} 7. Be3 {[%emt 0:00:28]} e5 {[%emt 0:00:11]} 8. d5 {[%emt 0:00:19]} Ne8 {[%emt 0:00:54]} 9. g4 {[%emt 0:00:12]} f5 {[%emt 0:00:49]} 10. gxf5 {[%emt 0:00:02]} gxf5 {[%emt 0:00:01]} 11. exf5 {[%emt 0:00:04]} Bxf5 {[%emt 0:00:04]} 12. Nge2 {[%emt 0:00:13]} Nd7 {[%emt 0:00:55]} 13. Ng3 {[%emt 0:00:05]} Bg6 {[%emt 0:00:17]} 14. Qd2 {[%emt 0:00:09]} Nb6 {[%emt 0:00:07]} 15. b3 {[%emt 0:00:11]} Nf6 {[%emt 0:00:44]} 16. Bg5 {[%emt 0:00:21]} Qd7 {[%emt 0:00:24]} 17. O-O-O {[%emt 0:00:38]} Ng4 {[%emt 0:00:15]} 18. f3 {[%emt 0:00:13]} Nf6 {[%emt 0:00:04]} 19. h4 {[%emt 0:00:25]} a5 {[%emt 0:00:13]} 20. a4 {[%emt 0:00:06]} Nh5 {[%emt 0:01:01]} 21. Bh3 {[%emt 0:01:24]} Qe8 {[%emt 0:01:23]} 22. Rdg1 {[%emt 0:00:42]} Rxf3 {[%emt 0:00:13]} 23. Nxh5 {[%emt 0:00:03]} Bxh5 {[%emt 0:00:05]} 24. Bh6 {[%emt 0:00:06]} Bg6 {[%emt 0:00:19]} 25. Bxg7 {[%emt 0:00:13]} Kxg7 {[%emt 0:00:07]} 26. h5 {[%emt 0:00:01]} Qe7 {[%emt 0:02:00]} 27. hxg6 {[%emt 0:00:04]} hxg6 {[%emt 0:00:00]} 28. Bg4 {[%emt 0:00:12]} Rf4 {[%emt 0:00:20]} 29. Ne2 {[%emt 0:00:16]} Nxc4 {[%emt 0:01:10]} 30. bxc4 {[%emt 0:00:32]} Rxc4+ {[%emt 0:00:03]} 31. Kd1 {[%emt 0:00:02]} Rxa4 {[%emt 0:00:17]} 32. Qh6+ {[%emt 0:00:03]} Kg8 {[%emt 0:00:02]} 33. Be6+ {[%emt 0:00:02]} Qxe6 {[%emt 0:00:02]} 34. dxe6 {[%emt 0:00:02]} Ra1+ {[%emt 0:00:00]} 35. Nc1 {[%emt 0:00:01]} Rxc1+ {[%emt 0:00:13]} 36. Kxc1 {[%emt 0:00:02] Time (Lag: Av=1.90s, max=5.3s) '} 1-0

[Event "1st FIDE Online Cup for U20 with Disabil"]
[Site "FIDE"]
[Date "2020.06.21"]
[Round "1"]
[White "Jarno200o"]
[Black "AmirulIman"]
[Result "1-0"]
[WhiteElo "1620"]
[BlackElo "1620"]
[Annotator "NA RC"]
[PlyCount "49"]
[EventDate "2020.06.21"]
[EventType "blitz"]

1. e4 {[%emt 0:00:04]} d5 {[%emt 0:00:03]} 2. exd5 {[%emt 0:00:01]} Qxd5 {[%emt 0:00:03]} 3. Nc3 {[%emt 0:00:01]} Qa5 {[%emt 0:00:02]} 4. Bc4 {[%emt 0:00:09]} Bf5 {[%emt 0:00:03]} 5. Nf3 {[%emt 0:00:06]} Nf6 {[%emt 0:00:04]} 6. d4 {[%emt 0:00:05]} c6 {[%emt 0:00:03]} 7. Qe2 {[%emt 0:00:09]} e6 {[%emt 0:00:05]} 8. Bd2 {[%emt 0:00:06]} Qd8 {[%emt 0:00:04]} 9. O-O-O {[%emt 0:00:32]} Be7 {[%emt 0:00:03]} 10. h3 {[%emt 0:00:20]} O-O {[%emt 0:00:04]} 11. g4 {[%emt 0:00:02]} Bg6 {[%emt 0:00:08]} 12. Bg5 {[%emt 0:00:11]} Nbd7 {[%emt 0:00:04]} 13. Rhg1 {[%emt 0:00:23]} a5 {[%emt 0:00:04]} 14. a4 {[%emt 0:00:12]} h6 {[%emt 0:00:04]} 15. Bf4 {[%emt 0:00:11]} Nb6 {[%emt 0:00:25]} 16. Bb3 {[%emt 0:00:16]} Bd6 {[%emt 0:00:07]} 17. Ne5 {[%emt 0:00:14]} Bh7 {[%emt 0:00:50]} 18. g5 {[%emt 0:00:35]} hxg5 {[%emt 0:00:04]} 19. Rxg5 {[%emt 0:00:00]} Nfd5 {[%emt 0:00:16]} 20. Nxd5 {[%emt 0:00:07]} Nxd5 {[%emt 0:00:08]} 21. Bxd5 {[%emt 0:00:41]} cxd5 {[%emt 0:00:20]} 22. Rdg1 {[%emt 0:00:10]} f6 {[%emt 0:00:04]} 23. Rxg7+ {[%emt 0:00:02]} Kh8 {[%emt 0:00:06]} 24. Rxh7+ {[%emt 0:00:06]} Kxh7 {[%emt 0:00:06]} 25. Qh5# {[%emt 0:00:02] (Lag: Av=0.65s, max=0.8s)} 1-0

[Event "1st FIDE Online Cup for U20 with Disabil"]
[Site "FIDE"]
[Date "2020.06.21"]
[Round "1"]
[White "Kartiknair"]
[Black "Bektur2005"]
[Result "1-0"]
[WhiteElo "1620"]
[BlackElo "1620"]
[Annotator "NA RC"]
[PlyCount "89"]
[EventDate "2020.06.21"]
[EventType "blitz"]

1. e4 {[%emt 0:00:05]} e5 {[%emt 0:00:05]} 2. Nf3 {[%emt 0:00:02]} d6 {[%emt 0:00:05]} 3. d4 {[%emt 0:00:05]} f6 {[%emt 0:00:08]} 4. dxe5 {[%emt 0:00:03]} dxe5 {[%emt 0:00:16]} 5. Qxd8+ {[%emt 0:00:03]} Kxd8 {[%emt 0:00:01]} 6. Nc3 {[%emt 0:00:02]} c6 {[%emt 0:00:04]} 7. Be3 {[%emt 0:00:04]} Nd7 {[%emt 0:00:15]} 8. Bc4 {[%emt 0:00:14]} Ne7 {[%emt 0:00:17]} 9. O-O {[%emt 0:00:04]} h6 {[%emt 0:00:15]} 10. Rfd1 {[%emt 0:00:12]} b5 {[%emt 0:00:18]} 11. Be6 {[%emt 0:00:06]} Ke8 {[%emt 0:00:47]} 12. Bxd7+ {[%emt 0:00:42]} Bxd7 {[%emt 0:00:04]} 13. Nd2 {[%emt 0:00:02]} Ng6 {[%emt 0:00:13]} 14. Nb3 {[%emt 0:00:12]} Bb4 {[%emt 0:00:22]} 15. a3 {[%emt 0:00:25]} Bxc3 {[%emt 0:00:09]} 16. bxc3 {[%emt 0:00:03]} a5 {[%emt 0:00:12]} 17. Nc5 {[%emt 0:00:04]} Ra7 {[%emt 0:00:39]} 18. Rd2 {[%emt 0:00:32]} Nf8 {[%emt 0:00:06]} 19. Rad1 {[%emt 0:00:09]} g5 {[%emt 0:00:34]} 20. Nxd7 {[%emt 0:00:04]} Nxd7 {[%emt 0:00:04]} 21. Bxa7 {[%emt 0:00:02]} Rh7 {[%emt 0:00:20]} 22. Rd6 {[%emt 0:00:09]} Rf7 {[%emt 0:00:44]} 23. Rxc6 {[%emt 0:00:02]} Kd8 {[%emt 0:00:35]} 24. Bb6+ {[%emt 0:00:06]} Ke8 {[%emt 0:00:09]} 25. Rc8+ {[%emt 0:00:13]} Ke7 {[%emt 0:00:09]} 26. Bd8+ {[%emt 0:00:03]} Ke6 {[%emt 0:00:11]} 27. Bxa5 {[%emt 0:00:03]} Rf8 {[%emt 0:00:17]} 28. Rc6+ {[%emt 0:00:09]} Ke7 {[%emt 0:00:13]} 29. Bb4+ {[%emt 0:00:02]} Ke8 {[%emt 0:00:26]} 30. Bxf8 {[%emt 0:00:03]} Nxf8 {[%emt 0:00:03]} 31. Rxf6 {[%emt 0:00:02]} Nd7 {[%emt 0:00:04]} 32. Rxh6 {[%emt 0:00:02]} Nf8 {[%emt 0:00:13]} 33. Rh8 {[%emt 0:00:04]} Ke7 {[%emt 0:00:04]} 34. Rxf8 {[%emt 0:00:01]} Kxf8 {[%emt 0:00:02]} 35. Rd5 {[%emt 0:00:01]} Kf7 {[%emt 0:00:02]} 36. Rxe5 {[%emt 0:00:02]} Kf6 {[%emt 0:00:02]} 37. Rxb5 {[%emt 0:00:01]} g4 {[%emt 0:00:04]} 38. a4 {[%emt 0:00:01]} Ke6 {[%emt 0:00:03]} 39. a5 {[%emt 0:00:02]} Kd6 {[%emt 0:00:01]} 40. Rb1 {[%emt 0:00:02]} Ke5 {[%emt 0:00:03]} 41. a6 {[%emt 0:00:02]} Kxe4 {[%emt 0:00:01]} 42. a7 {[%emt 0:00:05]} g3 {[%emt 0:00:02]} 43. hxg3 {[%emt 0:00:02]} Kd5 {[%emt 0:00:07]} 44. a8=Q+ {[%emt 0:00:02]} Kc4 {[%emt 0:00:05]} 45. Qc6# {[%emt 0:00:04] (Lag: Av=0.94s, max=1.2s)} 1-0

[Event "1st FIDE Online Cup for U20 with Disabil"]
[Site "FIDE"]
[Date "2020.06.21"]
[Round "1"]
[White "Kiet_thomas"]
[Black "Minimaxi2008"]
[Result "0-1"]
[WhiteElo "1620"]
[BlackElo "1654"]
[Annotator "NA RC"]
[PlyCount "90"]
[EventDate "2020.06.21"]
[EventType "blitz"]

1. e4 {[%emt 0:00:12]} e6 {[%emt 0:00:10]} 2. d4 {[%emt 0:00:10]} d5 {[%emt 0:00:02]} 3. Nc3 {[%emt 0:00:10]} dxe4 {[%emt 0:00:02]} 4. Nxe4 {[%emt 0:00:08]} Nd7 {[%emt 0:00:22]} 5. Nf3 {[%emt 0:00:14]} Ngf6 {[%emt 0:00:02]} 6. Bf4 {[%emt 0:00:41]} Nxe4 {[%emt 0:00:06]} 7. Bd3 {[%emt 0:00:22]} Nef6 {[%emt 0:00:03]} 8. O-O {[%emt 0:00:11]} Bd6 {[%emt 0:01:01]} 9. Ne5 {[%emt 0:00:28]} O-O {[%emt 0:00:56]} 10. Re1 {[%emt 0:00:20]} Nd5 {[%emt 0:00:14]} 11. Bg3 {[%emt 0:00:45]} Nxe5 {[%emt 0:03:41]} 12. dxe5 {[%emt 0:00:11]} Bc5 {[%emt 0:00:44]} 13. Qh5 {[%emt 0:00:43]} g6 {[%emt 0:00:29]} 14. Qh6 {[%emt 0:00:12]} f6 {[%emt 0:00:54]} 15. Rad1 {[%emt 0:01:42]} f5 {[%emt 0:00:11]} 16. c4 {[%emt 0:00:20]} Nb4 {[%emt 0:00:27]} 17. Bxf5 {[%emt 0:03:07]} Qe8 {[%emt 0:00:04]} 18. Bb1 {[%emt 0:00:32]} Qf7 {[%emt 0:00:21]} 19. Re2 {[%emt 0:00:19]} Nc6 {[%emt 0:00:54]} 20. a3 {[%emt 0:00:24]} a5 {[%emt 0:00:08]} 21. Red2 {[%emt 0:00:13]} Ne7 {[%emt 0:00:26]} 22. Rd8 {[%emt 0:00:08]} Nf5 {[%emt 0:00:19]} 23. Rxf8+ {[%emt 0:00:08]} Qxf8 {[%emt 0:00:05]} 24. Qxf8+ {[%emt 0:00:06]} Kxf8 {[%emt 0:00:00]} 25. Rd8+ {[%emt 0:00:05]} Ke7 {[%emt 0:00:02]} 26. Rh8 {[%emt 0:00:05]} h5 {[%emt 0:00:10]} 27. Bxf5 {[%emt 0:00:08]} exf5 {[%emt 0:00:02]} 28. Rh7+ {[%emt 0:00:07]} Kf8 {[%emt 0:00:07]} 29. Rxc7 {[%emt 0:00:05]} b6 {[%emt 0:00:03]} 30. Kf1 {[%emt 0:00:09]} Be6 {[%emt 0:00:04]} 31. Rc6 {[%emt 0:00:06]} Bxc4+ {[%emt 0:00:04]} 32. Ke1 {[%emt 0:00:06]} Kf7 {[%emt 0:00:06]} 33. b3 {[%emt 0:00:04]} Bxb3 {[%emt 0:00:04]} 34. Kd2 {[%emt 0:00:06]} Rd8+ {[%emt 0:00:04]} 35. Kc3 {[%emt 0:00:04]} Bd5 {[%emt 0:00:05]} 36. Rc7+ {[%emt 0:00:06]} Kg8 {[%emt 0:00:08]} 37. f3 {[%emt 0:00:04]} Be6 {[%emt 0:00:09]} 38. a4 {[%emt 0:00:07]} Bb4+ {[%emt 0:00:06]} 39. Kc2 {[%emt 0:00:05]} Rc8 {[%emt 0:00:01]} 40. Rxc8+ {[%emt 0:00:06]} Bxc8 {[%emt 0:00:00]} 41. Kd3 {[%emt 0:00:03]} Kf7 {[%emt 0:00:04]} 42. Kd4 {[%emt 0:00:04]} Ke6 {[%emt 0:00:03]} 43. Kc4 {[%emt 0:00:04]} Ba6+ {[%emt 0:00:01]} 44. Kd4 {[%emt 0:00:05]} g5 {[%emt 0:00:04]} 45. h4 {[%emt 0:00:05]} f4 {[%emt 0:00:14] Time (Lag: Av=0.69s, max=1.9s)} 0-1

[Event "1st FIDE Online Cup for U20 with Disabil"]
[Site "FIDE"]
[Date "2020.06.21"]
[Round "1"]
[White "LEMUEL16"]
[Black "NicoleCentanaro#"]
[Result "1/2-1/2"]
[WhiteElo "1620"]
[BlackElo "1620"]
[Annotator "NA RC"]
[PlyCount "95"]
[EventDate "2020.06.21"]
[EventType "blitz"]

1. Nf3 {[%emt 0:00:04]} d5 {[%emt 0:00:11]} 2. c4 {[%emt 0:00:07]} e6 {[%emt 0:00:07]} 3. d4 {[%emt 0:00:06]} Nf6 {[%emt 0:00:03]} 4. g3 {[%emt 0:00:15]} c5 {[%emt 0:00:21]} 5. cxd5 {[%emt 0:00:11]} Qxd5 {[%emt 0:00:59]} 6. Bg2 {[%emt 0:00:15]} Qd8 {[%emt 0:00:11]} 7. O-O {[%emt 0:00:17]} Nc6 {[%emt 0:00:10]} 8. dxc5 {[%emt 0:00:40]} Qxd1 {[%emt 0:00:23]} 9. Rxd1 {[%emt 0:00:03]} Bxc5 {[%emt 0:00:07]} 10. Bf4 {[%emt 0:00:25]} O-O {[%emt 0:00:29]} 11. Nc3 {[%emt 0:00:21]} Bd7 {[%emt 0:00:54]} 12. Be5 {[%emt 0:00:33]} Nxe5 {[%emt 0:01:24]} 13. Nxe5 {[%emt 0:00:05]} Rfd8 {[%emt 0:01:18] LEMUEL16 reconnected.} 14. Nxd7 {[%emt 0:00:05]} Rxd7 {[%emt 0:01:28]} 15. Rxd7 {[%emt 0:00:18]} Nxd7 {[%emt 0:00:02]} 16. Bxb7 {[%emt 0:00:05]} Rb8 {[%emt 0:00:03]} 17. Bc6 {[%emt 0:00:16]} Ne5 {[%emt 0:00:06]} 18. Bb5 {[%emt 0:00:17]} Bd4 {[%emt 0:00:37]} 19. a4 {[%emt 0:00:17]} Ng4 {[%emt 0:01:14]} 20. e3 {[%emt 0:00:16]} Bf6 {[%emt 0:00:03]} 21. Rc1 {[%emt 0:01:15]} Nh6 {[%emt 0:00:14]} 22. Rc2 {[%emt 0:00:22]} Nf5 {[%emt 0:00:03]} 23. Ne4 {[%emt 0:00:22]} Be5 {[%emt 0:00:32]} 24. g4 {[%emt 0:00:40]} Nd6 {[%emt 0:00:08]} 25. Nxd6 {[%emt 0:00:18]} Bxd6 {[%emt 0:00:02]} 26. Bd7 {[%emt 0:00:13]} g6 {[%emt 0:00:15]} 27. Rc8+ {[%emt 0:00:30]} Rxc8 {[%emt 0:00:02]} 28. Bxc8 {[%emt 0:00:03]} Kf8 {[%emt 0:00:02]} 29. f4 {[%emt 0:00:16]} h6 {[%emt 0:00:10]} 30. h4 {[%emt 0:00:07]} Ke7 {[%emt 0:00:16]} 31. Kf2 {[%emt 0:00:11]} f6 {[%emt 0:00:07]} 32. Kf3 {[%emt 0:00:15]} g5 {[%emt 0:00:06]} 33. h5 {[%emt 0:00:19]} e5 {[%emt 0:00:15]} 34. f5 {[%emt 0:00:11]} a5 {[%emt 0:00:06]} 35. Ke4 {[%emt 0:00:04]} Bb4 {[%emt 0:00:13]} 36. Kd5 {[%emt 0:00:13]} Bd2 {[%emt 0:00:13]} 37. e4 {[%emt 0:00:03]} Bb4 {[%emt 0:00:08]} 38. b3 {[%emt 0:00:04]} Bd6 {[%emt 0:00:01]} 39. Kc6 {[%emt 0:00:04]} Bb4 {[%emt 0:00:01] NicoleCentanaro# ofrece tablas} 40. Kb5 {[%emt 0:00:07]} Bd2 {[%emt 0:00:03]} 41. b4 {[%emt 0:00:04]} Bxb4 {[%emt 0:00:02]} 42. Be6 {[%emt 0:00:08]} Kd6 {[%emt 0:00:02]} 43. Bd5 {[%emt 0:00:06]} Bd2 {[%emt 0:00:04]} 44. Bf7 {[%emt 0:00:10]} Bb4 {[%emt 0:00:02]} 45. Be6 {[%emt 0:00:02]} Bd2 {[%emt 0:00:02]} 46. Bf7 {[%emt 0:00:02] NicoleCentanaro# ofrece tablas} Bb4 {[%emt 0:00:16]} 47. Bd5 {[%emt 0:00:02]} Bd2 {[%emt 0:00:03]} 48. Bf7 {[%emt 0:00:03] (Lag: Av=0.94s, max=1.3s)} 1/2-1/2

[Event "1st FIDE Online Cup for U20 with Disabil"]
[Site "FIDE"]
[Date "2020.06.21"]
[Round "1"]
[White "Le Thao Nguyen"]
[Black "Minimaxi0708"]
[Result "0-1"]
[WhiteElo "1620"]
[BlackElo "1618"]
[Annotator "NA RC"]
[PlyCount "78"]
[EventDate "2020.06.21"]
[EventType "blitz"]

1. e4 {[%emt 0:00:02]} e6 {[%emt 0:00:04]} 2. Nf3 {[%emt 0:00:03]} d5 {[%emt 0:00:03]} 3. d3 {[%emt 0:00:16]} c5 {[%emt 0:00:08]} 4. c4 {[%emt 0:00:05]} d4 {[%emt 0:00:05]} 5. Be2 {[%emt 0:00:15]} Nc6 {[%emt 0:00:06]} 6. O-O {[%emt 0:00:05]} Bd6 {[%emt 0:00:03]} 7. b3 {[%emt 0:00:13]} b6 {[%emt 0:00:14]} 8. Bb2 {[%emt 0:00:04]} Bb7 {[%emt 0:00:04]} 9. Qc2 {[%emt 0:00:16]} Qc7 {[%emt 0:00:14]} 10. b4 {[%emt 0:00:17]} h6 {[%emt 0:00:25]} 11. a3 {[%emt 0:00:19]} g5 {[%emt 0:00:11]} 12. h3 {[%emt 0:00:09]} cxb4 {[%emt 0:01:47]} 13. Bxd4 {[%emt 0:01:35]} Nxd4 {[%emt 0:00:29]} 14. Nxd4 {[%emt 0:00:05]} Qd7 {[%emt 0:00:30]} 15. axb4 {[%emt 0:00:04]} Be5 {[%emt 0:00:40]} 16. Qc3 {[%emt 0:00:35]} Bxd4 {[%emt 0:00:04]} 17. Qa3 {[%emt 0:00:22]} Bxa1 {[%emt 0:00:04]} 18. Qxa1 {[%emt 0:00:02]} f6 {[%emt 0:00:50]} 19. Nc3 {[%emt 0:00:08]} Rh7 {[%emt 0:00:33]} 20. Re1 {[%emt 0:00:14]} e5 {[%emt 0:00:16]} 21. Bh5+ {[%emt 0:00:52]} Kf8 {[%emt 0:00:31]} 22. Bg6 {[%emt 0:00:12]} Rg7 {[%emt 0:00:22]} 23. Bf5 {[%emt 0:00:18]} Qd6 {[%emt 0:01:05]} 24. Qd1 {[%emt 0:00:42]} Ne7 {[%emt 0:00:29]} 25. Nb5 {[%emt 0:00:48]} Qd8 {[%emt 0:00:28]} 26. Be6 {[%emt 0:01:29]} a6 {[%emt 0:00:28]} 27. Bd5 {[%emt 0:00:10]} Bxd5 {[%emt 0:00:16]} 28. exd5 {[%emt 0:00:05]} axb5 {[%emt 0:00:02]} 29. cxb5 {[%emt 0:00:02]} Qxd5 {[%emt 0:00:11]} 30. Qd2 {[%emt 0:01:01]} Qxb5 {[%emt 0:00:11]} 31. Rd1 {[%emt 0:00:20]} Nc6 {[%emt 0:00:13]} 32. Kh2 {[%emt 0:00:13]} Nd4 {[%emt 0:00:05]} 33. Qe3 {[%emt 0:00:51]} Rc8 {[%emt 0:00:34]} 34. f3 {[%emt 0:00:15]} Qxb4 {[%emt 0:00:09]} 35. Rd2 {[%emt 0:00:07]} Qc5 {[%emt 0:00:04]} 36. Kg3 {[%emt 0:00:10]} Nf5+ {[%emt 0:00:02]} 37. Kf2 {[%emt 0:00:09]} Qxe3+ {[%emt 0:00:01]} 38. Kf1 {[%emt 0:00:05]} Rc1+ {[%emt 0:00:02]} 39. Rd1 {[%emt 0:00:09]} Rxd1# {[%emt 0:00:01] Mate} 0-1

[Event "1st FIDE Online Cup for U20 with Disabil"]
[Site "FIDE"]
[Date "2020.06.21"]
[Round "1"]
[White "Lim28"]
[Black "Carlosalberto0"]
[Result "0-1"]
[WhiteElo "1620"]
[BlackElo "1620"]
[Annotator "NA RC"]
[PlyCount "108"]
[EventDate "2020.06.21"]
[EventType "blitz"]

1. e4 {[%emt 0:00:04]} e5 {[%emt 0:00:04]} 2. Nf3 {[%emt 0:00:02]} Nc6 {[%emt 0:00:03]} 3. Nc3 {[%emt 0:00:02]} Nf6 {[%emt 0:00:03]} 4. Bb5 {[%emt 0:00:07]} d6 {[%emt 0:00:11]} 5. O-O {[%emt 0:00:26]} Be7 {[%emt 0:00:23]} 6. Nd5 {[%emt 0:00:29]} O-O {[%emt 0:00:29]} 7. Nxf6+ {[%emt 0:00:31]} Bxf6 {[%emt 0:00:04]} 8. d3 {[%emt 0:00:11]} a6 {[%emt 0:00:20]} 9. Bc4 {[%emt 0:00:05]} Bg4 {[%emt 0:00:05]} 10. h3 {[%emt 0:00:06]} Be6 {[%emt 0:00:17]} 11. Bxe6 {[%emt 0:00:14]} fxe6 {[%emt 0:00:02]} 12. Re1 {[%emt 0:00:05]} Nd4 {[%emt 0:00:20]} 13. Nd2 {[%emt 0:01:04]} Bh4 {[%emt 0:00:06]} 14. Rf1 {[%emt 0:00:16]} Qf6 {[%emt 0:01:20]} 15. f3 {[%emt 0:00:44]} Rf7 {[%emt 0:00:32]} 16. Nb3 {[%emt 0:00:25]} Raf8 {[%emt 0:00:23]} 17. Nxd4 {[%emt 0:00:26]} exd4 {[%emt 0:00:03]} 18. Bd2 {[%emt 0:00:20]} Qg6 {[%emt 0:00:14]} 19. Rc1 {[%emt 0:00:59]} e5 {[%emt 0:00:30]} 20. c3 {[%emt 0:00:45]} c5 {[%emt 0:00:04]} 21. cxd4 {[%emt 0:00:30]} cxd4 {[%emt 0:00:09]} 22. Rc2 {[%emt 0:00:31]} Bg3 {[%emt 0:00:55]} 23. Bc1 {[%emt 0:00:47]} h5 {[%emt 0:00:43]} 24. Kh1 {[%emt 0:00:34]} h4 {[%emt 0:00:10]} 25. Bd2 {[%emt 0:00:20]} Qe6 {[%emt 0:00:26]} 26. b3 {[%emt 0:00:22]} d5 {[%emt 0:00:24]} 27. exd5 {[%emt 0:00:24]} Qxd5 {[%emt 0:00:03]} 28. Bb4 {[%emt 0:00:11]} Re8 {[%emt 0:00:21]} 29. Rc5 {[%emt 0:00:09]} Qd6 {[%emt 0:00:22]} 30. Rc8 {[%emt 0:00:04]} Qd7 {[%emt 0:00:11]} 31. Rxe8+ {[%emt 0:00:13]} Qxe8 {[%emt 0:00:02]} 32. Be1 {[%emt 0:00:18]} Bxe1 {[%emt 0:00:28]} 33. Qxe1 {[%emt 0:00:03]} Rf4 {[%emt 0:00:19]} 34. g3 {[%emt 0:00:11]} hxg3 {[%emt 0:00:03]} 35. Qxg3 {[%emt 0:00:02]} Qf7 {[%emt 0:00:03]} 36. Kh2 {[%emt 0:00:23]} b5 {[%emt 0:00:17]} 37. Kg2 {[%emt 0:00:02]} Rf6 {[%emt 0:00:04]} 38. Rg1 {[%emt 0:00:08]} Rg6 {[%emt 0:00:03]} 39. Qxg6 {[%emt 0:00:10]} Qxg6+ {[%emt 0:00:02]} 40. Kh1 {[%emt 0:00:03]} Qxd3 {[%emt 0:00:03]} 41. Rg2 {[%emt 0:00:05]} Qf1+ {[%emt 0:00:02]} 42. Kh2 {[%emt 0:00:02]} Qxf3 {[%emt 0:00:05]} 43. Rc2 {[%emt 0:00:06]} Qf4+ {[%emt 0:00:07]} 44. Kg2 {[%emt 0:00:03]} Qe4+ {[%emt 0:00:03]} 45. Kf2 {[%emt 0:00:04]} Qxc2+ {[%emt 0:00:02]} 46. Kf1 {[%emt 0:00:02]} Qxa2 {[%emt 0:00:04]} 47. Ke1 {[%emt 0:00:02]} Qxb3 {[%emt 0:00:04]} 48. Kf1 {[%emt 0:00:01]} a5 {[%emt 0:00:04]} 49. Kg2 {[%emt 0:00:01]} a4 {[%emt 0:00:01]} 50. Kf2 {[%emt 0:00:01]} a3 {[%emt 0:00:00]} 51. Ke2 {[%emt 0:00:01]} a2 {[%emt 0:00:00]} 52. Ke1 {[%emt 0:00:05]} a1=Q+ {[%emt 0:00:00]} 53. Kd2 {[%emt 0:00:02]} Qaa2+ {[%emt 0:00:02]} 54. Kc1 {[%emt 0:00:05]} Qbb1# {[%emt 0:00:00] Mate Mate} 0-1

[Event "1st FIDE Online Cup for U20 with Disabil"]
[Site "FIDE"]
[Date "2020.06.21"]
[Round "1"]
[White "Luisananez"]
[Black "Axadxon"]
[Result "0-1"]
[WhiteElo "1620"]
[BlackElo "1620"]
[Annotator "NA RC"]
[PlyCount "34"]
[EventDate "2020.06.21"]
[EventType "blitz"]

1. e4 {[%emt 0:00:12]} c5 {[%emt 0:00:09]} 2. Bc4 {[%emt 0:00:12]} Nc6 {[%emt 0:00:15]} 3. Nc3 {[%emt 0:00:28]} Nf6 {[%emt 0:00:04]} 4. Nf3 {[%emt 0:00:07]} e6 {[%emt 0:00:04]} 5. d3 {[%emt 0:01:58]} a6 {[%emt 0:00:05]} 6. a3 {[%emt 0:00:09]} d6 {[%emt 0:00:07]} 7. O-O {[%emt 0:00:15]} Be7 {[%emt 0:00:06]} 8. h3 {[%emt 0:01:53]} O-O {[%emt 0:00:05]} 9. Bg5 {[%emt 0:00:10]} b5 {[%emt 0:00:06]} 10. Ba2 {[%emt 0:00:28]} Bb7 {[%emt 0:00:05]} 11. Kh2 {[%emt 0:01:06]} Ng4+ {[%emt 0:01:03]} 12. hxg4 {[%emt 0:00:14]} Bxg5 {[%emt 0:00:06]} 13. Nxg5 {[%emt 0:00:06]} Qxg5 {[%emt 0:00:06]} 14. Qf3 {[%emt 0:00:06]} Ne5 {[%emt 0:00:05]} 15. Kg3 {[%emt 0:00:46]} Nxf3 {[%emt 0:00:05]} 16. Kxf3 {[%emt 0:00:02]} d5 {[%emt 0:00:06]} 17. exd5 {[%emt 0:00:09]} exd5 {[%emt 0:00:04] Luisananez rinde (Lag: Av=0.62s, max=0.7s)} 0-1

[Event "1st FIDE Online Cup for U20 with Disabil"]
[Site "FIDE"]
[Date "2020.06.21"]
[Round "1"]
[White "Sultan_2003"]
[Black "Skarybekova"]
[Result "1-0"]
[WhiteElo "1620"]
[BlackElo "1109"]
[Annotator "NA RC"]
[PlyCount "39"]
[EventDate "2020.06.21"]
[EventType "blitz"]

1. e4 {[%emt 0:00:06]} e5 {[%emt 0:00:03]} 2. Nf3 {[%emt 0:00:02]} Nc6 {[%emt 0:00:02]} 3. Bb5 {[%emt 0:00:02]} Nge7 {[%emt 0:00:12]} 4. d3 {[%emt 0:00:15]} a6 {[%emt 0:00:07]} 5. Ba4 {[%emt 0:00:01]} b5 {[%emt 0:00:02]} 6. Bb3 {[%emt 0:00:04]} d6 {[%emt 0:00:16]} 7. O-O {[%emt 0:00:05]} a5 {[%emt 0:00:38]} 8. Ng5 {[%emt 0:00:13]} Be6 {[%emt 0:01:00]} 9. Nxe6 {[%emt 0:01:29]} fxe6 {[%emt 0:00:12]} 10. Bxe6 {[%emt 0:00:00]} Nd4 {[%emt 0:00:31]} 11. Bh3 {[%emt 0:00:04]} d5 {[%emt 0:00:25]} 12. c3 {[%emt 0:00:05]} Ndc6 {[%emt 0:00:42]} 13. Re1 {[%emt 0:00:11]} d4 {[%emt 0:00:16]} 14. Rf1 {[%emt 0:00:45]} dxc3 {[%emt 0:00:57]} 15. Nxc3 {[%emt 0:00:03]} b4 {[%emt 0:00:34]} 16. Na4 {[%emt 0:00:15]} Nd4 {[%emt 0:00:26]} 17. f4 {[%emt 0:00:11]} Ng6 {[%emt 0:00:13]} 18. fxe5 {[%emt 0:00:12]} Nxe5 {[%emt 0:00:02]} 19. Qh5+ {[%emt 0:00:02]} Nf7 {[%emt 0:00:20]} 20. Qxf7# {[%emt 0:00:03] (Lag: Av=0.51s, max=0.7s) Mate} 1-0